000 00644nam a22001457a 4500
020 _a1-84236-491-X
082 _a823
_bPAR/J
100 _aPARKET, VICTORIA
245 _aJOAN OF ARC
_bAND THE BURNING ISSUES OF THE TIME
260 _aUK
_bMILES KELLY PUBLISHING
_c2000
300 _a96
520 _aWhy is St. Joan of Arc famous? St. Joan of Arc is a national heroine of France. She was a peasant girl who, believing that she was acting under divine guidance, led the French army in a momentous victory at Orléans in 1429 that repulsed an English attempt to conquer France during the Hundred Years' War.
650 _aSHORT STORY
942 _cBK
999 _c6449
_d6449